[Event "Caracas Miranda Memorial"]
[Site "Caracas"]
[Date "2013.04.07"]
[Round "9"]
[White "Blanco Ronquillo, Humberto L"]
[Black "Boada Gomez, Wiston Esmir"]
[Result "1/2-1/2"]
[WhiteElo "2419"]
[BlackElo "2249"]
[PlyCount "41"]
[EventDate "2013.04.03"]
[EventType "tourn"]
[EventRounds "9"]
[EventCountry "VEN"]
[SourceTitle "EXT 2018"]
[Source "ChessBase"]
[SourceDate "2017.10.13"]
[SourceVersion "1"]
[SourceVersionDate "2017.10.13"]
[SourceQuality "1"]

1. e4 e5 2. Nf3 Nf6 3. Nxe5 d6 4. Nf3 Nxe4 5. d4 Be7 6. Bd3 Nf6 7. h3 0-0 8. 0-0 h6 9. Re1 Re8 10. Nbd2 Nbd7 11. Nf1 Bf8 12. Bd2 Rxe1 13. Qxe1 Qe8 14. Ng3 Qxe1+ 15. Rxe1 Nb6 16. Kf1 Bd7 17. Nf5 Re8 18. Rxe8 Nxe8 19. b3 Bxf5 20. Bxf5 g6 21. Bd3 1/2-1/2